[Event "Staufer op 18th"]
[Site "Schwaebisch Gmuend"]
[Date "2006.01.02"]
[Round "1"]
[White "Knoedler, Kurt"]
[Black "Vasilev, Milen"]
[Result "0-1"]
[WhiteElo "1979"]
[BlackElo "2451"]
[PlyCount "84"]
[EventDate "2006.01.02"]
[EventType "swiss"]
[EventRounds "9"]
[EventCountry "GER"]
[SourceTitle "EXT 2007"]
[Source "ChessBase"]
[SourceDate "2006.11.23"]
[SourceVersion "1"]
[SourceVersionDate "2006.11.23"]
[SourceQuality "1"]

1. e4 c5 2. Nf3 d6 3. d4 cxd4 4. Nxd4 Nf6 5. Nc3 g6 6. Be3 Bg7 7. Bc4 0-0 8. f3 Nc6 9. Qd2 Bd7 10. 0-0-0 Rc8 11. Bb3 Nxd4 12. Bxd4 b5 13. Nd5 Nxd5 14. Bxg7 Kxg7 15. Qxd5 a5 16. a3 Qc7 17. Rd2 Kg8 18. Qg5 b4 19. a4 Qd8 20. h4 Kg7 21. h5 h6 22. Qe3 g5 23. f4 f6 24. fxg5 fxg5 25. Rd5 Be8 26. Rxg5+ hxg5 27. Qxg5+ Kh7 28. Be6 Rc5 29. Qd2 Bxa4 30. b3 Bd7 31. Bd5 e6 32. Bc4 Qg5 33. Rd1 Qxd2+ 34. Rxd2 d5 35. Bd3 Kh6 36. exd5 exd5 37. Re2 Bf5 38. Bxf5 Rxf5 39. g4 Rf1+ 40. Kb2 Kg5 41. Rg2 d4 42. Rd2 Re5 0-1